LIBRARY & INFORMATION CENTRE, KCAET, TAVANUR

ONLINE PUBLIC ACCESS CATALOGUE (OPAC)

Geoinformation : photogrammetry, remote sensing, GIS and GPS Vol.3 (Record no. 15623)

MARC details
000 -LEADER
fixed length control field 00395nam a22001457a 4500
003 - CONTROL NUMBER IDENTIFIER
control field OSt
008 - FIXED-LENGTH DATA ELEMENTS--GENERAL INFORMATION
fixed length control field 190517b ||||| |||| 00| 0 eng d
020 ## - INTERNATIONAL STANDARD BOOK NUMBER
ISBN 9789351246183
082 ## - DEWEY DECIMAL CLASSIFICATION NUMBER
Classification number 526.982
100 ## - MAIN ENTRY--AUTHOR NAME
Personal name Prasad,N V
245 ## - TITLE STATEMENT
Title Geoinformation : photogrammetry, remote sensing, GIS and GPS Vol.3
260 ## - PUBLICATION, DISTRIBUTION, ETC. (IMPRINT)
Place of publication New Delhi
Name of publisher Daya Publishing House
Year of publication 2015
300 ## - PHYSICAL DESCRIPTION
Number of Pages 600-933 p.
942 ## - ADDED ENTRY ELEMENTS (KOHA)
Koha item type Books
Holdings
Withdrawn status Lost status Damaged status Collection code Home library Current library Shelving location Date acquired Cost, normal purchase price Full call number Accession Number Koha item type
      Non-fiction KAUAET KAUAET General Stacks 21/05/2019 5995.00 526.982 PRA/GE 25827 Books
free website counter